Paises que empiezan por la M - Estadísticas

Estadísticas generales
  • Esta prueba ha sido intentada 220 veces
  • La puntuación promedio es 15 de 18
Estadísticas de respuestas
Hint Respuesta % Correcto
Europa Macedonia del Norte
91%
Europa Moldavia
91%
África Madagascar
88%
África Marruecos
88%
África Malí
86%
América del Norte México
86%
Asia Mongolia
86%
Europa Mónaco
85%
África Mauritania
84%
Europa Montenegro
84%
Asia Malasia
81%
Europa Malta
81%
África Mozambique
78%
África Malaui
73%
Asia Maldivas
73%
África Mauricio
70%
Oceanía Micronesia
69%
Asia Myanmar
67%
No se encontraron pruebas coincidentes
Distribución de puntuación
Porcentaje de gente con cada puntuación
Porcentaje por número respondido
Historial de tus puntuaciones
No has intentado esta prueba.